Szczegóły MARC21

Fundusze Unii Europejskiej : komentarz do rozporządzenia Rady (WE) nr 1083/2006 : perspektywa finansowa 2007-2013 /

003 -Nazwa inst., której nr kontr. jest w polu 001 [,]
    • @
    • Nazwa instytucji, której n kontrolny jest w polu 001
    • NUKAT
005 -DATA I CZAS OSTATNIEJ MODYFIKACJI [,]
    • @
    • pole kontrolne
    • 20241231091101.0
020 -Międzynarod. znormalizowany nr książki - ISBN [ , ]
    • a
    • Numer ISBN
    • 9788374881456 Find
040 -Instytucja sporządzająca opis [ , ]
    • a
    • Instytucja, która sporządziła opis (NP)
    • WR U/PAd
    • c
    • Instytucja, która sporządziła rekord (NP)
    • WR U/ml
    • d
    • Instytucja, która zmodyfikowała rekord (P)
    • WR U/jm
    • d
    • Instytucja, która zmodyfikowała rekord (P)
    • WA U/91IOs
942 -Rodzaj dokumentu [ , ]
    • c
    • Rodzaj dokumentu
    • Książka
100 -Hasło główne - nazwa osobowa [1, ]
    • a
    • Nazwa osobowa (NP)
    • Filipek, Agnieszka
    • c
    • Dopowiedzenie inne niż daty biograficzne (P)
    • (fundusze strukturalne).
    • 9
    • KHW
    • 9531
245 -Strefa tytułu i oznaczenia odpowiedzialności [1,0]
    • a
    • Tytuł
    • Fundusze Unii Europejskiej : Find
    • b
    • Ciąg dalszy tytułu (NP)
    • komentarz do rozporządzenia Rady (WE) nr 1083/2006 : perspektywa finansowa 2007-2013 / Find
    • c
    • Pozostałe elementy strefy tytułu i oznaczenia odpowiedzialności (NP)
    • Agnieszka Filipek.
246 -Wariant tytułu [1,8]
    • a
    • Tytuł (NP)
    • Fundusze UE
260 -Strefa adresu wydawniczego [ , ]
    • a
    • Miejsce wydania (P)
    • Warszawa :
    • b
    • Nazwa wydawcy (P)
    • Wydawnictwo Placet,
    • c
    • Data wydania (P)
    • 2009.
300 -Strefa opisu fizycznego [ , ]
    • a
    • Określenie formy książki i/lub objętość (NP)
    • 381 s. :
    • b
    • Oznaczenie ilustracji (NP)
    • il. ;
    • c
    • Format (NP)
    • 24 cm +
    • e
    • Oznaczenie dokumentu towarzyszącego (NP)
    • dysk optyczny (CD-ROM).
336 -Typ zawartości [ , ]
    • a
    • Termin opisujący typ zawartości
    • Tekst
    • b
    • Kod określający zawartość
    • txt
    • 2
    • Źródło (terminu i kodu)
    • rdacontent
337 -Typ mediów [ , ]
    • a
    • Tryb odtwarzania
    • Bez urządzenia pośredniczącego
    • b
    • Kod typu mediów
    • n
    • 2
    • Źródło (terminu i kodu)
    • rdamedia
338 -Typ/rodzaj nośnika [ , ]
    • a
    • Hasło opisujące typ nośnika
    • Wolumin
    • b
    • Kod typu nośnika
    • nc
    • 2
    • Źródło (terminu i kodu)
    • rdacarrier
500 -Uwaga ogólna [ , ]
    • a
    • Uwaga ogólna (NP)
    • Dysk optyczny w kieszonce.
500 -Uwaga ogólna [ , ]
    • a
    • Uwaga ogólna (NP)
    • Dysk optyczny zawiera akty wykonawcze do rozporządzenia Rady (WE) nr 1083 z dnia 11 lipca 2006 oraz dokumenty dot. funduszy unijnych.
504 -Uwaga dot. bibliogr. załącznikowej [ , ]
    • a
    • Uwaga dot. bibliografii załącznikowej
    • Wykaz aktów prawnych i dokumentów s. 374-379.
650 -Hasło przedmiotowe [ ,7]
    • a
    • Hasło przedmiotowe
    • Fundusze strukturalne
    • x
    • Określnik rzeczowy
    • prawo
    • z
    • Określnik geograficzny
    • Kraje Unii Europejskiej.
    • 2
    • Źródło terminu
    • kaba
    • 9
    • KHW
    • 355114
650 -Hasło przedmiotowe [ ,7]
    • a
    • Hasło przedmiotowe
    • Prawo europejskie
    • x
    • Określnik rzeczowy
    • interpretacja.
    • 2
    • Źródło terminu
    • kaba
    • 9
    • KHW
    • 125761
710 -Hasło dodatkowe - nazwa ciała zbiorowego [2, ]
    • a
    • Nazwa ciała zbiorowego lub nazwa geograficzna jako pierwszy element (NP)
    • Wydawnictwo Placet Leszek Plak.
    • 4
    • Kod relacji
    • pbl
    • 9
    • KHW
    • 65137
920 -ISBN [ , ]
    • a
    • ISBN
    • 978-83-7488-145-6 Find
Data inwentaryzacji Lokalizacja Status udost. Numer inwentarzowy Sygnatura
2009-12-10BE-2E.72273 
2012-10-23BG1CDE.2375 
2009-12-18T-2T.10752T.10752
2010-05-26T-2TM.7216 
2010-11-03T-3TM.7420